Living Language ; (Record no. 7749)

MARC details
000 -LEADER
fixed length control field 00415nam a22001457a 4500
008 - FIXED-LENGTH DATA ELEMENTS--GENERAL INFORMATION
fixed length control field 190325b ||||| |||| 00| 0 eng d
020 ## - INTERNATIONAL STANDARD BOOK NUMBER
International Standard Book Number 9781119060604
082 ## - DEWEY DECIMAL CLASSIFICATION NUMBER
Classification number 306.44 A28L 2017
100 ## - MAIN ENTRY--PERSONAL NAME
Personal name Ahearn, Laura M.
245 ## - TITLE STATEMENT
Title Living Language ;
Remainder of title an introduction to Linguistic Anthropology.
250 ## - EDITION STATEMENT
Edition statement 2nd ed.
260 ## - PUBLICATION, DISTRIBUTION, ETC.
Place of publication, distribution, etc. UK ;
Name of publisher, distributor, etc. John Wiley and Sons Ltd,
Date of publication, distribution, etc. 2017.
300 ## - PHYSICAL DESCRIPTION
Extent xix, 369 p.
Dimensions 23 cm.
942 ## - Added entry Elements (Koha)
Source of classification or shelving scheme Dewey Decimal Classification
Holdings
Withdrawn status Lost status Source of classification or shelving scheme Damaged status Not for loan Collection code Home library Current library Shelving location Date acquired Serial Enumeration / chronology Total Checkouts Total Renewals Full call number Barcode Date last seen Date last checked out Price effective from Koha item type
    Dewey Decimal Classification     Main TEST RTC Library RTC Library Main opac 25/03/2019 13568 7 11 306.4 AHE 30013398 04/07/2024 20/02/2024 25/03/2019 Main
    Dewey Decimal Classification     Main TEST RTC Library RTC Library Main opac 08/07/2019 14012 3 3 306.4 AHE 30013759 26/06/2023 06/03/2023 08/07/2019 Main
Royal Thimphu College || All Right Reserved